LEADER 01271nam a2200301 u 4500 001 000000020225 003 CaOOAMICUS 005 20070226110857.0 008 950215q1962 be u000 u fre u 035 $a10492128 040 $aPUL(R)$bita 100 1 $aMaisonneuve, Henri.$0(OLS)http://pul/name/17611 245 13$aLa morale chrétienne d'après les conciles des Xe et XIe siècles /. 260 $aLouvain :$bNauwelaerts,$c1962?. 300 $a46 p. ;$c24 cm 490 1 $aAnalecta mediaevalia Namurcensia ;$v15 500 $aIn testa alla coperta: Pour l'histoire de la théologie morale. 500 $aTitolazione dalla coperta. 504 $aNote bibliografiche. 650 4$aEtica cristiana.$0(OLS)http://pul/subject/1395 650 4$aConcili e sinodi.$0(OLS)http://pul/subject/1553 830 0$aAnalecta mediaevalia Namurcensia ;$v15.$0(OLS)http://pul/title/3455 850 $aPUL 852 $aPUL$W1$xSL Religione 1$y3$m80 B 56$j28425$nBK-PRI$b $qStampati$B28425$CPULBib$Z2$F28425 $H $81 941 1 $a8 961 $aINV: 24631 996 $6245$aLa morale chrétienne d'après les conciles des Xe et XIe siècles$9(OLS)http://pul/title/28523 996 $6260$aLouvain :$bNauwelaerts$9(OLS)http://pul/publisher/48172 LEADER 01444nam a2200277 u 4500 001 000000104749 003 CaOOAMICUS 005 20070427120234.0 008 070427s2006 gw ab u001 u eng u 020 $a3-16-148967-5 040 $aPUL$bita$dLDB 100 1 $aJensen, Morten Horning,$d1972-$0(OLS)http://pul/name/64351 245 10$aHerod Antipas in Galilee:$bthe literary and archeological sources on the reign of Herod Antipas and its socio-economic impact on Galilee /$cMorten Horning Jensen. 260 $aTübingen :$bMohr Siebeck,$cc2006. 300 $axiv, 316 p. :$bill., c. geogr. ;$c24 cm 490 1 $aWissenschaftliche Untersuchungen zum Neuen Testament.$aReihe 2 ;$v215 500 $aIndici: p. [301]-316. 504 $aBibliografia: p. [261]-285 651 4$aPalestina$xStoria sociale.$0(OLS)http://pul/subject/26821 830 0$aWissenschaftliche Untersuchungen zum Neuen Testament.$nReihe 2 ;$v215.$0(OLS)http://pul/title/264 850 $aPUL 852 $aPUL$W1$xSL Religione 1$y3$m16 I 215$j117312$qStampati$B117268$CPULBib$Z2$F117268 $H102416 $82 941 1 $a8 996 $6020$a3-16-148967-5$9(OLS)http://pul/number/134129 996 $6245$aHerod Antipas in Galilee:$bthe literary and archeological sources on the reign of Herod Antipas and its socio-economic impact on Galilee$9(OLS)http://pul/title/131751 996 $6260$aTübingen :$bMohr Siebeck$9(OLS)http://pul/publisher/52004